00383nam a2200169Ia 4500003000900000008004100009040001300050040001300063041000800076100002200084245004100106260002100147260000900168300000800177490002200185490000600207IT-RoPAU120407s9999 xx 000 0 und d aIT-RoPAU cIT-RoPAU aita aAngela da Foligno aIl libro della B. Angela da Foligno. aEdizioni Paoline c1955 c cm aAmanti di Dio, 1 v1